000 00437nam a2200157Ia 4500
003 GCL
008 140319s9999 xx 000 0 ara d
040 _aGCL /
_cGCL
082 0 4 _a822
_bه ع
100 1 _aهوارد, سدنى
245 1 0 _aعرفوا مايريدون /
_cهوارد, سدنى
490 _aروائع المسرح العالمى
_v0
650 0 4 _aالمسرحيات
650 0 4 _aالمجموعات
942 _2ddc
_cBK
999 _c49539
_d49539